The Anatomy of Japanese business

Uloženo v:
Podrobná bibliografie
Médium: Kniha
Jazyk:Undetermined
Vydáno: Armonk M.E. Sharpe 1984
Témata:
Tagy: Přidat tag
Žádné tagy, Buďte první, kdo otaguje tento záznam!
Thư viện lưu trữ: Trung tâm Học liệu Trường Đại học Cần Thơ
LEADER 00497nam a2200181Ia 4500
001 CTU_87812
008 210402s9999 xx 000 0 und d
082 |a 658.00952 
082 |b A535 
245 4 |a The Anatomy of Japanese business 
245 0 |c Edited by Kazuo Sato, Yasuo Hoshino 
260 |a Armonk 
260 |b M.E. Sharpe 
260 |c 1984 
650 |a Industrial management 
650 |z Japan 
904 |i Trọng Hiếu 
980 |a Trung tâm Học liệu Trường Đại học Cần Thơ